Najpopularniejsze piosenki Kinniego Zimmera - Statystyki

Ogólne statystyki
  • Ten quiz został rozwiązany 74 razy
  • Średni wynik to 4 z 10
Statystyki odpowiedzi
Hint Odpowiedź % Poprawnych
22 mln Rozmazana kreska
96%
8 mln Zegarek ze Szwajcarii
71%
2,6 mln 200 osób w kawalerce
63%
1,4 mln Dziecko
48%
2,2 mln Jazda
43%
865 Jezioro
27%
2,9 mln Jadę nocą na Mazurach 2
23%
3,3 mln Benz Dealer
21%
800 FURIA47
21%
3,1 mln WCHJ
14%
Nie znaleziono quizów pasujących do podanych kryteriów
Rozkład punktacji
Procent ludzi z każdym wynikiem
Percentyl według liczby udzielonych odpowiedzi
Twoja historia wyników
Nie rozwiązałeś tego quizu